Visualizzazione normale
Vista MARC
- Pizzocchero Franco
di Personal Name
Records bibliografici associati: 1
001 - CONTROL NUMBER
- control field: 55447
003 - CONTROL NUMBER IDENTIFIER
- control field: IT-RoPau
005 - DATE AND TIME OF LATEST TRANSACTION
- control field: 20151204101056.0
008 - FIXED-LENGTH DATA ELEMENTS
- fixed length control field: 151204|| aca||aabn | a|a d
040 ## - CATALOGING SOURCE
- Original cataloging agency: IT-RoPau
- Transcribing agency: IT-RoPau
100 ## - HEADING--PERSONAL NAME
- Personal name: Pizzocchero Franco
- Miscellaneous information: Codice regista SPICS: 23159
670 ## - SOURCE DATA FOUND
- Source citation: Work cat.: (IT-RoPau)108369: Pizzocchero Franco Codice regista SPICS: 23159, PUBBLICITA'-BREVE VIAGGIO DI UN PRODOTTO NEL MONDO DELLA PUBBLICITA' PUBBLICITA'-BREVE VIAGGIO DI UN PRODOTTO NEL MONDO DELLA PUBBLICITA' (Rif. Codice opera principale : 21727)